El libro tumbo de Braganza : (Record n. 32803)

Dettagli MARC
000 -LEADER
fixed length control field 00795nam a2200217 i 4500
003 - CONTROL NUMBER IDENTIFIER
control field IT-RoINE
005 - DATE AND TIME OF LATEST TRANSACTION
control field 20191118071500.0
008 - FIXED-LENGTH DATA ELEMENTS--GENERAL INFORMATION
fixed length control field 041001s2004 sp | ||| ||spa
020 ## - INTERNATIONAL STANDARD BOOK NUMBER
International Standard Book Number 8460918335
040 ## - CATALOGING SOURCE
Original cataloging agency SpMaBN
Transcribing agency SpMaBN IT-RoINE
Modifying agency IT-RoINE
100 1# - MAIN ENTRY--PERSONAL NAME
Personal name Vidal Rodríguez, Arsenio
9 (RLIN) 64433
245 13 - TITLE STATEMENT
Title El libro tumbo de Braganza :
Remainder of title el Monasterio de San Martín de Castañeda y la venta de los bienes de Portugal /
Statement of responsibility, etc Arsenio Vidal Rodríguez.
260 ## - PUBLICATION, DISTRIBUTION, ETC. (IMPRINT)
Place of publication, distribution, etc Salamanca :
Name of publisher, distributor, etc [s.n.],
Date of publication, distribution, etc 2004.
300 ## - PHYSICAL DESCRIPTION
Extent 179 p. :
Other physical details mapas ;
Dimensions 21 cm.
336 ## - CONTENT TYPE
Source rdacontent
Content type term text
337 ## - MEDIA TYPE
Source rdamedia
Media type term unmediated
338 ## - CARRIER TYPE
Source rdacarrier
Carrier type term volume
504 ## - BIBLIOGRAPHY, ETC. NOTE
Bibliography, etc Bibliografía: p. 173-175
610 24 - SUBJECT ADDED ENTRY--CORPORATE NAME
Corporate name or jurisdiction name as entry element Monasterio de San Martín de Castañeda (Galende, España)
9 (RLIN) 27548
General subdivision Historia
-- Fuentes
942 ## - ADDED ENTRY ELEMENTS (KOHA)
Item type Monografías
Dati di copia
Withdrawn status Lost status Damaged status Not for loan Home library Current library Date acquired Total Checkouts Full call number Barcode Date last seen Price effective from Koha item type
        Iglesia Nacional Española en Roma Iglesia Nacional Española en Roma 18/11/2019   FUE.HIS.ECL 159 59953 18/11/2019 18/11/2019 Monografías